000 00733nam0a22002531 4500
001 rc\604681
005 20031121163623.3
035 _a(NLR Aleph) 005848850
090 _a5757180
_c5757180
100 _a20031121d1986 u |0rusy50 ca
101 0 _arus
102 _aRU
105 _ay |||||||||
200 1 _aИстоки гражданственности
205 _a2-е изд., доп.
210 _aМ.
_cПедагогика
_d1986
215 _a158, [2] с.
_d20
225 1 _aПедагогика - родителям
700 1 _aКузнецова
_bЛ. В.
_gЛюдмила Владимировна
801 0 _aRU
_bNLR
_gpsbo
801 1 _aRU
_bELAR
_2rusmarc
852 _aNLR
_j86-3/506
942 _cBOOK
980 _aNB